=LDR 00000nam 2200000 4500 =001 INLIS000000000041111 =005 20240620103102 =035 ##$$a 0010-061300000041111 =008 240620################g##########0#ind## =041 ##$$a ind =082 ##$$a 813 =090 ##$$a 813 , Sat ,m =100 ##$$a SATRAN, Pamela Redmond =245 1#$$a The man i should have married , pria yang seharusnya nikahi /$c Pamela Redmond satran =260 ##$$a Jakarta :$b Gramedia,$c 2010 =300 ##$$a 400 hlm ; $c 18 cm =650 #4$$a FIKSI =850 ##$$a NBPNMAT =020 ##$$a 978-979-22-5857-8 =084 ##$$a 813 SAT t =990 ##$$a 21195699/BPAP-NTB/2014 =990 ##$$a 0001/BPAP-NTB/20142014 =990 ##$$a 21111689 =990 ##$$a 21195699/BPAP-NTB/2014